[Event "Julian Borowski-B 3rd"]
[Site "Essen"]
[Date "2001.05.10"]
[Round "8"]
[White "Fridman, Daniel"]
[Black "Appel, Ralf"]
[Result "1-0"]
[WhiteElo "2559"]
[BlackElo "2481"]
[Annotator "Stohl,I"]
[PlyCount "65"]
[EventDate "2001.05.02"]
[EventType "tourn"]
[EventRounds "9"]
[EventCountry "GER"]
[EventCategory "9"]
[SourceTitle "CBM 083"]
[Source "ChessBase"]
[SourceDate "2001.07.05"]
[SourceVersion "1"]
[SourceVersionDate "2001.07.05"]
[SourceQuality "1"]

1. d4 g6 2. c4 Bg7 3. e4 Nc6 $6 {A provocative system, Black ignores White's
central pawns.} 4. Nf3 ({Another possible method is} 4. d5 Nd4 5. Ne2 c5 (5...
e5 6. Nxd4 exd4 7. Bd3 d6 8. O-O Nf6 9. b4 a5 10. b5 O-O 11. Bb2 Re8 12. Nd2
Nd7 13. Qc2 Nc5 14. Nb3 Nxd3 15. Qxd3 f5 16. Bxd4 fxe4 17. Qc3 Bxd4 18. Nxd4
Qg5 19. Rfe1 Bf5 20. Re3 b6 21. Rae1 $16 {Haba,P-Hanel,R/AUT-chT/1998/}) 6.
Nxd4 Bxd4 (6... cxd4 7. Bd3 e5 8. O-O Nf6 9. b4 d6 10. c5 O-O 11. Nd2 Ne8 12.
Nc4 f5 13. f3 f4 14. a4 g5 15. a5 Rf6 16. a6 $5 b6 17. cxb6 axb6 18. b5 h5 19.
Bd2 g4 20. Qc2 Rg6 21. Nxb6 $1 gxf3 22. Rxf3 Bg4 23. Rf2 Qxb6 24. Qc6 $18 {
Haba,P-Gross,S/CS-ch Bratislava/1991/}) 7. Bd3 (7. Nd2 d6 8. Nf3 Bg7 9. Be2 Nf6
10. e5 dxe5 11. Nxe5 Nd7 (11... Ne4 $5 $11) 12. Nf3 O-O 13. O-O Qc7 14. Bg5 Nb6
15. Qd2 Bg4 16. Rac1 Rad8 17. Rfe1 Rfe8 18. h3 Bxf3 19. Bxf3 Nc8 20. b4 b6 21.
bxc5 Qxc5 22. Be3 Qd6 23. c5 bxc5 24. Bxc5 Qd7 25. Qa5 $36 {Cebalo,
M-Ciuffoletti,P/Saint Vincent/1999/}) 7... d6 8. O-O Nf6 9. Nd2 Nd7 10. Kh1 Bg7
11. f4 O-O 12. Rb1 b5 13. cxb5 a6 14. a4 axb5 15. Bxb5 Ba6 16. Bxa6 Rxa6 17. b3
e6 18. Nc4 exd5 19. exd5 Re8 20. Bb2 f5 21. Re1 Bxb2 22. Rxb2 Nf6 23. Rbe2 $14
{/+/-,Haba,P-Gutheil,H/Weilburg/1995/}) 4... d6 (4... e5 $5 5. d5 (5. dxe5 Nxe5
6. Nxe5 (6. Be2 d6 7. O-O Ne7 $132 {is less incisive, Black can later already
take on e5 with his pawn.}) 6... Bxe5 7. Nc3 (7. Be2 Qh4 8. Nd2 Qe7 9. O-O d6
10. Nb3 Bg7 11. c5 dxc5 12. Bf4 Be6 13. Qc2 b6 14. Rad1 a6 15. e5 g5 16. Qe4
Rc8 17. Be3 Bxb3 18. axb3 Bxe5 19. Qf5 Qe6 20. Qxg5 Ne7 21. Bg4 f5 22. Bh5+ $44
{Uhlmann,W-Knaak,R/Potsdam/1974/}) 7... d6 8. g3 Be6 (8... Bxc3+ $142 $5 9.
bxc3 Qe7 $13) 9. Qd3 Bg7 10. b3 Ne7 11. Bb2 O-O 12. Bg2 Qd7 13. O-O Bh3 14.
Rae1 Rae8 15. Qd2 a6 16. f3 Bxg2 17. Kxg2 Qc6 18. h4 $14 {(),|^>>,Biolek,
R-Spacek,P/CZE-chT/2001/}) 5... Nd4 6. Nxd4 {leads to the lines above,
nevertheless this was more logical and consistent than the text move, which
gives White a pleasant position with a ().}) 5. d5 $1 $14 Nb8 (5... Ne5 6. Nxe5
Bxe5 7. Bd3 (7. Be2 Bg7 8. O-O (8. g4 e5 9. Nc3 Nf6 10. Be3 h5 11. g5 Nd7 12.
Rg1 a5 13. a3 O-O $14 14. Bxh5 $6 gxh5 15. Qxh5 f5 16. exf5 Rxf5 17. Ne4 Nc5
18. Bxc5 dxc5 19. O-O-O Rf4 20. Nf6+ Kf8 21. Nh7+ Kg8 22. Nf6+ Kf8 23. Nh7+ {
1/2,Lobron,E-Hartoch,R/Leeuwarden/1997/}) 8... Nf6 9. Nc3 O-O 10. Be3 e6 11.
Qd2 exd5 12. cxd5 Re8 13. f3 c6 14. dxc6 $14 {1/2,Serper,G-Svidler,P/Novgorod/
1995/}) 7... Bg7 (7... c5 8. O-O Nf6 9. Nd2 Bg4 10. f3 Bd7 11. Nb3 Ba4 12. f4
Bd4+ 13. Kh1 Qb6 14. Qe2 Bxb3 15. axb3 Nd7 16. Bc2 O-O 17. Qg4 Qc7 18. Rf3 Bg7
19. Rh3 Nf6 20. Qh4 h6 21. Bd2 $40 {Dudukin,I-Gavrilov,N/Bor/2000/}) (7... e6
8. Nd2 exd5 9. cxd5 Nf6 $6 10. Nf3 Nd7 11. Nxe5 Nxe5 12. O-O O-O 13. Be2 f5 14.
f4 Nf7 15. exf5 Bxf5 16. Bd2 c5 17. Bc3 Qh4 18. Qd2 Rfe8 19. Rae1 Bd7 20. g3
Qh6 21. b3 $16 {[%cal Ga1h8] /^a1-h8,Ibragimov,I-Delithanasis,D/Ano Liosia/
1995/}) 8. Nc3 Nf6 9. O-O (9. h3 O-O 10. Bg5 Bd7 11. O-O c5 12. Qd2 a6 13. a4
a5 14. Bc2 Kh8 15. Bh6 Bxh6 16. Qxh6 Ng8 17. Qe3 f6 18. f4 Qc7 19. Rae1 b6 20.
Rf2 Nh6 21. e5 $16 {[%csl Gc4,Gd5,Ge5,Gf4] [+],Roeder,M-Gadjily,R/Ubeda op/
1998/}) 9... O-O 10. h3 (10. Bg5 h6 11. Bd2 e5 12. dxe6 $5 Bxe6 13. f4 Bg4 14.
Qc2 Bd7 15. Kh1 Ng4 16. h3 Bd4 17. Nd1 Nf6 18. Bc3 Bxc3 19. Nxc3 Nh5 20. Qf2
$14 {Zueger,B-Pasedag,P/Liechtenstein op/1994/}) 10... e6 11. Bg5 c6 12. Qd2
cxd5 13. cxd5 e5 14. a4 a6 15. a5 Bd7 16. Na4 Bxa4 17. Rxa4 Rc8 18. Rc1 Qd7 19.
Rac4 Rxc4 20. Rxc4 Rc8 21. Rxc8+ Qxc8 22. Qc2 $16 Qxc2 23. Bxc2 h6 24. Be3 Nd7
25. b4 Kh7 26. Kf1 g5 27. Ke2 Kg6 28. Ba4 Nf6 29. Kd3 Bf8 30. Bb6 Be7 31. Bc6
$1 $18 {Kasparov,G-Lefstein,B/Catonsville sim/1997/}) 6. h3 $5 {White doens't
want to allow Black Bg4, exchanging a B, which has no suitable active square
anyway.} (6. Nc3 Nf6 (6... e5 7. dxe6 Bxe6 8. Nd4 Nc6 9. Be3 Nxd4 10. Bxd4 Nf6
11. Be2 O-O 12. O-O Re8 13. Re1 c6 14. Qd2 Bf8 15. Rad1 Nd7 16. Be3 f6 17. b3
a6 18. Qc2 Qe7 {Uhlmann,W-Huebner,R/Amsterdam/1975/} 19. a4 $5 $36 {()}) 7. Be2
O-O 8. O-O Bg4 9. h3 Bxf3 10. Bxf3 Nbd7 11. Be3 c6 12. Rc1 Qa5 13. Qd2 Rfc8 14.
b3 a6 15. dxc6 bxc6 16. Na4 Qxd2 17. Bxd2 c5 18. e5 Nxe5 19. Bxa8 Rxa8 20. Bc3
Nfd7 21. Rcd1 Rb8 22. Rfe1 Nc6 23. Bxg7 Kxg7 24. Nc3 Nf8 25. f4 Ne6 $11 {
/+/=,Ovsejevitsch,S-Istratescu,A/Korinthos/2000/}) (6. Be2 Bg4 $1 7. O-O Bxf3
8. Bxf3 Nf6 9. Nc3 O-O 10. Bf4 Nfd7 11. Qd2 c6 12. Rac1 a6 13. a3 a5 14. Bg4
Nc5 15. Qe2 Nbd7 16. Rfd1 a4 17. Bg3 Qb6 18. Bxd7 Nxd7 19. Kh1 Qb3 20. f4 Nb6
21. dxc6 bxc6 22. c5 Nc4 23. cxd6 {Ruderfer,M-Timoscenko,G/Kiev/1970/} exd6 $17
) 6... c6 (6... Nf6 7. Bd3 (7. Nc3 O-O 8. Be3 (8. Bg5 Nbd7 9. Bd3 e5 10. Qd2
Nc5 11. Bc2 a5 12. O-O Bd7 13. b3 Qc8 14. a3 Nh5 15. b4 axb4 16. axb4 Rxa1 17.
Rxa1 Na6 18. Rb1 f5 19. exf5 gxf5 20. Bh6 Qe8 21. Bxg7 Kxg7 22. g3 Kh8 23. Kh2
Qg6 $132 {Berebora,F-Nurkic,S/Split/1999/}) 8... c6 9. Be2 e5 10. g4 cxd5 11.
cxd5 Nbd7 12. Nd2 Ne8 13. h4 f5 14. gxf5 gxf5 15. exf5 Ndf6 16. Qc2 Bd7 17. Nf1
Rc8 18. Ng3 b5 {Lipinsky,F-Lorenz,S/Berlin Tegel-B/1999/} 19. Qd2 $16) 7... O-O
8. Nc3 c6 9. O-O a5 10. Re1 Na6 11. Bg5 $1 h6 12. Be3 e5 13. Qd2 Kh7 14. dxc6
bxc6 15. Rad1 Be6 16. Bc2 Qb8 17. Na4 d5 18. exd5 cxd5 19. Bb6 e4 20. Nd4 Bd7
21. Bxa5 dxc4 22. Nb6 $16 {Neverov,V-Rossi,C/EU-ch Ohrid/2001/}) 7. Nc3 Nf6 8.
Be2 (8. Bd3 O-O 9. O-O $14 {leads to Neverov-Rossi.}) 8... O-O 9. O-O a6 {
Black prepares to lash out sharply, but his position is too cramped for such
an action to produce good results.} (9... Na6 10. Be3 $36 (10. dxc6 $5 bxc6 11.
e5 $14)) (9... e5 10. dxc6 bxc6 11. Qd3 {[%csl Rd6][%cal Rf1d1,Rc4c5] ><d6,/
\Rd1,c5+/-}) (9... Nfd7 $5 10. Bg5 Na6 11. Qd2 $14 {[%csl Gc4,Gd5,Ge4] [+]})
10. Be3 b5 $6 11. cxb5 cxb5 (11... axb5 12. dxc6 (12. a3 Bb7 13. dxc6 Bxc6 14.
Qd3 $16 {[%csl Rb5] ><b5}) 12... b4 13. Nd5 Nxd5 (13... Nxc6 14. Bb6 Qd7 15.
Bb5 $18 {[%csl Rc6][%cal Rb5c6,Rf3d4,Ra1c1] /\Bc6,Rc1,Nd4}) 14. exd5 (14. Qxd5
Qc7 15. Nd4 Ra5 $14) 14... Bxb2 15. Qc2 $1 $16 {|^}) 12. b4 $16 {[%csl Ra6,Rb5]
[%cal Ra2a4] ׫,/\a4} a5 (12... Nbd7 13. a4 $16) 13. Rb1 $1 {[%csl Rb5] ><b5} (
13. bxa5 $6 b4 14. Bb6 Qd7 $13) 13... axb4 14. Rxb4 Bd7 (14... Ra3 15. Rb3 (15.
Bd4 $143 e5 16. dxe6 Bxe6 17. Rxb5 Nc6 $14) 15... b4 16. Rxa3 bxa3 17. Qa4 $16)
15. Bxb5 {Black doesn't have sufficient compensation for the P, as his pieces
still aren't fully developed.} Na6 16. Rb3 (16. Rb1 $5 Bxb5 (16... Qa5 17. Bd4
{/\} e5 18. dxe6 Bxe6 19. Bc6 $16) 17. Rxb5 $16) 16... Qa5 17. Bd4 (17. Bxd7
Nxd7 18. Nd4 $5 Ndc5 19. Nc6 Qc7 20. Ra3 Bxc3 21. Rxc3 Nxe4 22. Rc4 $40 {
was interesting, but White understandably doesn't want to return his extra
pawn yet.}) 17... e5 18. dxe6 (18. Bb6 $5 Qxb6 19. Bxd7 $16) 18... Bxe6 19. Rb1
Nb4 (19... Nc5 20. e5 dxe5 $8 21. Bxc5 Qxc3 22. Bxf8 Bxf8 23. a4 $16 {/+-}) (
19... Rfc8 20. Bxf6 Bxf6 21. Nd5 Bd8 22. Qd4 $16) 20. a4 Rfc8 21. Ng5 (21. Re1
$142 $5) 21... Bc4 (21... Na2 22. Nxe6 Nxc3 23. Bxc3 Qxc3 24. Nxg7 Kxg7 25. Re1
Qe5 26. Rb4 $5 $18) 22. Re1 (22. Bxc4 $143 Rxc4 23. Nf3 d5 $5 $14) 22... h6 (
22... Bxb5 23. axb5 Rc4 24. Nf3 {[%cal Rd1b3] /\Qb3+-}) (22... Nd3 $2 23. Bxc4
Nxe1 24. Bxf7+ Kh8 25. Rb5 $18) 23. Nf3 Nd3 24. Re3 Nf4 25. Bxf6 $6 (25. e5
N6d5 (25... dxe5 26. Nxe5 Bxb5 27. axb5 $18 {[%csl Gb5] o^b}) 26. Bxc4 Nxe3 (
26... Rxc4 27. Rb5 Nxe3 28. Rxa5 (28. fxe3 Rxd4 29. Qxd4 Qxc3 $1 $132) 28...
Nxd1 29. Rxa8+ Kh7 30. Nxd1 Ne2+ 31. Kf1 Nxd4 32. exd6 Nxf3 33. d7 Bf6 34. d8=Q
Bxd8 35. Rxd8 $16) 27. fxe3 Rxc4 28. exf4 dxe5 $1 29. fxe5 Rxc3 $14) (25. Kh2
$142 $5 $16 {In the game Whitesomewhat prematurely forces the issue.}) 25...
Bxf6 26. Qxd6 Nxh3+ $1 (26... Bxc3 27. Qxf4 $18) 27. gxh3 Bxc3 28. e5 (28. Ne5
Bxe5 (28... Bxb5 29. axb5 Qa2 30. Rd1 $16) 29. Qxe5 Qb6 30. Ree1 Bxb5 31. Rxb5
Qa7 32. a5 Rc2 $14 {/+/-}) 28... Rd8 (28... Rab8 $5 $14) 29. Qe7 Be6 30. Qh4 $1
Rac8 $2 $138 (30... Kg7 31. Qf6+ Kh7 32. Bd3 {[%cal Rd3g6] /\Bg6} Rg8 33. Rb7 (
33. Nh4 Bd4 34. Rb7 Rg7 $1 35. Bxg6+ Kg8 $13) 33... Ra7 $14 34. Rxa7 Qxa7 35.
Qh4 $1 $40) (30... h5 31. Bc4 $5 Bxc4 32. Qxc4 $16 {[%csl Rg8][%cal Ye5e6] /
\e6,׻}) 31. Qxh6 Rc5 32. Rc1 $18 Bd2 $4 33. Rxc5 1-0

[Event "Asia-ch 5th"]
[Site "Hyderabad"]
[Date "2005.10.14"]
[Round "8"]
[White "Zhou, Jianchao"]
[Black "Ghaem Maghami, Ehsan"]
[Result "1/2-1/2"]
[WhiteElo "2516"]
[BlackElo "2586"]
[Annotator "Stohl,I"]
[PlyCount "72"]
[EventDate "2005.10.05"]
[EventType "swiss"]
[EventRounds "9"]
[EventCountry "IND"]
[SourceTitle "CBM 110"]
[Source "ChessBase"]
[SourceDate "2006.01.31"]
[SourceVersion "1"]
[SourceVersionDate "2006.01.31"]
[SourceQuality "1"]

1. Nf3 g6 2. d4 Bg7 3. c4 c5 4. e4 d6 5. d5 e6 {Black strives for a
Benoni-like position, but postpones the development of his N.} 6. dxe6 {
Just as in the Benoni, this rare move is too tame. White can fight for the
initiative with the following continuations:} (6. Nc3 exd5 7. cxd5 $13) (6. h3
exd5 7. exd5 (7. cxd5 $5 $13) 7... Nh6 $5 (7... Ne7 8. Bd3 Bf5 9. O-O O-O 10.
Nc3 $14) 8. Qe2+ Kf8 9. Bg5 f6 10. Bf4 Nf7 11. Nc3 g5 12. Bd2 h6 13. g3 Na6 14.
Bg2 Bf5 15. O-O Qd7 16. Kh2 Re8 17. Qd1 Bd3 18. Re1 Bxc4 19. b3 Bd3 20. Rxe8+
Qxe8 21. Bxg5 Be2 22. Nxe2 hxg5 23. Qd2 f5 24. Re1 Qd8 25. Kg1 Nc7 26. h4 Bh6
$132 {Gelfand,B-Topalov,V/Cannes/2002/}) (6. Bd3 Ne7 7. Nc3 O-O 8. O-O Nd7 9.
Rb1 a6 10. Bd2 exd5 11. exd5 b5 12. b3 Nf6 13. h3 b4 14. Ne2 Bf5 15. Qc2 Qd7
16. Ng3 Bxd3 17. Qxd3 Rfe8 18. Nh4 Nc8 19. Rbe1 Nb6 20. Bf4 Rxe1 21. Rxe1 Re8
22. Rxe8+ Nxe8 23. Nf3 Qe7 24. Ne4 Nd7 25. Qe3 $11 {/+/=,(), Andersson,U-Lopez
Martinez,J/EU-ch Warsaw/2005/}) 6... Bxe6 {This natural developing move is in
fact a novelty. It's safer and better than} (6... fxe6 7. Nc3 (7. g3 Nc6 8. Bg2
Nf6 9. Nc3 O-O 10. O-O e5 $13 11. Bg5 h6 12. Bxf6 Qxf6 13. h3 g5 14. Nh2 Nd4
15. Ne2 Be6 16. Nxd4 cxd4 17. Qd3 Qf7 18. Rac1 Rac8 19. b3 h5 20. Rc2 Rc7 21.
Qe2 g4 $17 {Fortunato,D-Elissalt Cardenas,H/Sao Paulo/1999/}) 7... a6 8. Bg5 (
8. e5 $142 $1 $36) 8... Qa5 9. Rc1 Qc7 10. e5 dxe5 11. Ne4 Nc6 12. Bd3 Nge7 13.
h4 h6 14. Bd2 b6 15. Qa4 Bd7 16. Qa3 a5 17. Bb1 Nd4 18. b4 {Gdanski,
J-Grabarczyk,M/POL-ch Warsaw/2002/} O-O $5 $13 {/=/+}) 7. Nc3 Ne7 8. Be2 (8.
Bf4 Nbc6 9. Bxd6 Qa5 {/\} 10. Qb3 O-O-O 11. O-O-O Nd4 12. Nxd4 Rxd6 $44) 8...
Nbc6 9. Nd5 Bg4 {[%mdl 32] Black employs a straighforward, but somewhat risky
strategy - he will ignore the light squares and even exchange his Be6 to
strengthen his hold on the dark squares.} ({More flexible is} 9... O-O $132)
10. Ne3 (10. O-O Bxf3 11. Bxf3 Nxd5 12. exd5 (12. Qxd5 O-O $11) 12... Nd4 $132)
({More enterprising is} 10. Bg5 $5) 10... Bxf3 (10... Be6 $5 $13) 11. Bxf3 Nd4
12. O-O O-O 13. Be2 Re8 (13... f5 14. exf5 gxf5 15. Bf3 $5 $14) 14. Bd3 Qd7 15.
Rb1 Nec6 16. Nd5 Ne7 {Black wants to shift White's strong N.} (16... Ne5 17.
Bg5 Re6 18. f4 $5 Nxd3 19. Qxd3 {/\f5->>>}) 17. Nc3 Nec6 (17... a6 18. a4 $5
Nec6 19. Nd5 $36) 18. f4 (18. Nd5 Ne7 $11) 18... f5 {[%csl Rc1] Stops White's
f-pawn and limits the Bc1.} 19. a3 (19. exf5 gxf5 (19... Nxf5 20. Be4 $36) 20.
Nd5 Ne7 21. Ne3 {[%cal Yd1h5,Yc1d2,Yd2c3] /\Qh5,Bd2-c3} d5 $5 $132 {/+/=})
19... Kh8 (19... fxe4 20. Bxe4 $14 {would favour White, but forcing this
exchange is not easy.}) 20. Kh1 b6 21. Bd2 Rad8 22. b4 {This move doesn't
achieve anything concrete and the Pc4 might become vulnerable in the future.} (
22. Re1 $142 $14) 22... Ne7 23. Re1 Ng8 24. Nd5 fxe4 (24... Nf6 25. Nxf6 Bxf6
26. Bc3 $14) 25. Bxe4 Ne7 26. Nc3 Ng8 27. Nd5 (27. g3 Nf6 28. Bg2 Qf5 $36 (
28... Ng4 $36)) 27... Ne7 28. Ne3 Qe6 29. Bf3 Qf7 30. g3 {It's difficult to
play around the strong Nd4. White could claim some edge, if he had time to
keep his Bf3, but Black now changes his plan and swaps the B.} Nxf3 $5 31. Qxf3
Nf5 $13 32. Qd5 (32. Nd5 b5 $5 33. cxb5 Nd4 34. Qg2 Nxb5 $132) 32... Kg8 33.
Kg2 (33. Qxf7+ Kxf7 34. Nd5 cxb4 (34... Nd4 $11) 35. axb4 Rc8 $132) 33... Nxe3+
34. Rxe3 Bd4 $11 {[%csl Gd4] The B substitutes the N.} 35. Rxe8+ Rxe8 36. Qxf7+
Kxf7 (36... Kxf7 37. Kf3 (37. Re1 Rxe1 38. Bxe1 Ke6 {[%cal Rd6d5] /\d5|^})
37... cxb4 38. axb4 a6 39. Rc1 (39. Re1 Rc8 40. Re4 Bf6 {[%cal Yb6b5] /\b5=})
39... h5 $11 {White must guard his Pc4 and has no concrete way to strengthen
his position.}) 1/2-1/2

[Event "FRA-ch"]
[Site "Narbonne"]
[Date "1997.08.24"]
[Round "9"]
[White "Neiman, Emmanuel"]
[Black "Bricard, Emmanuel"]
[Result "1/2-1/2"]
[WhiteElo "2315"]
[BlackElo "2350"]
[Annotator "Stohl,I"]
[PlyCount "71"]
[EventDate "1997.08.15"]
[EventType "tourn"]
[EventRounds "15"]
[EventCountry "FRA"]
[EventCategory "9"]
[SourceTitle "CBM 061"]
[Source "ChessBase"]
[SourceDate "1997.11.23"]
[SourceVersion "1"]
[SourceVersionDate "1997.11.23"]
[SourceQuality "1"]

1. d4 {King,D} e6 2. c4 b6 3. Nc3 ({Currently the most topical line is} 3. e4
Bb7 4. Bd3 Nc6 $5 $132) 3... Bb4 4. e3 (4. e4 Bb7 (4... Qe7 5. Bd3 Bb7 6. Nge2
f5 7. exf5 Bxg2 8. Rg1 Bb7 9. fxe6 dxe6 10. Bg5 Nf6 11. Qc2 Nc6 12. O-O-O O-O-O
13. d5 Ne5 14. Nd4 Bxc3 15. Qxc3 Nxd3+ 16. Rxd3 exd5 $15 {Rusjan,M-Zaja,I/Nova
Gorica op/1997/}) (4... Qh4 $5) 5. d5 Na6 $5 6. Nf3 Nc5 7. Bd3 Bxc3+ 8. bxc3
Ne7 9. O-O O-O 10. Be3 Nxd3 11. Qxd3 f5 12. Rad1 Qe8 $36 {Wesseln,K-Luther,T/
GER-ch Binz/1995/}) (4. Qc2 Bb7 5. a3 Bxc3+ 6. Qxc3 Ne7 7. Nf3 O-O 8. g3 (8. g4
d5 9. Bg2 Nd7 10. Bf4 c5 11. dxc5 Rc8 12. b4 bxc5 13. b5 d4 14. Qc2 Ng6 15. Bg3
f5 16. gxf5 exf5 17. h4 Be4 18. Qd2 f4 19. h5 fxg3 20. hxg6 gxf2+ 21. Kf1 Bxg6
$17 {Sygulski,A-Kengis,E/2.BLW9697/1997/}) 8... d6 9. Bg2 Nd7 10. O-O Nf6 11.
b4 h6 12. Bb2 Be4 13. Nd2 Bxg2 14. Kxg2 c6 15. b5 cxb5 16. cxb5 Qd7 17. Qd3
Qb7+ 18. Kg1 Rfc8 19. Rfc1 Ng6 20. a4 d5 21. Nb3 Ne4 22. Ba3 f5 23. f3 Nf6 24.
Bb4 Kf7 25. Nd2 $11 {Ceko,J-Barle,J/Ljubljana op/1997/}) 4... Bxc3+ 5. bxc3 Bb7
{This Nimzo Indian/Dutch position is quite satisfactory for Black.} 6. f3 $146
(6. Nf3 f5 7. Ba3 (7. Bd3 Nf6 8. Ba3 Ne4 9. O-O Qf6 10. Nd2 d6 11. Bxe4 fxe4
12. c5 dxc5 13. dxc5 Qxc3 14. Nb3 Nc6 15. Qg4 Qe5 16. Rfd1 Ne7 17. Rac1 Bd5 18.
cxb6 axb6 19. Bb4 c5 20. Bc3 Qf5 21. Qg3 Rxa2 22. Ra1 Rxa1 23. Rxa1 Rf8 24. Ra7
e5 25. Nd2 Rf6 26. Bxe5 Rg6 $17 {Lautier,J-Bricard,E/FRA-chT/1992/}) 7... Qf6
8. c5 Ne7 9. Be2 Nbc6 10. Rc1 O-O 11. O-O Rf7 12. c4 Ng6 13. Qd2 Nce7 14. Bb2
f4 15. d5 e5 16. Bd3 d6 17. c6 Bc8 18. Ne1 Bg4 19. exf4 Nxf4 20. f3 Bh5 $15 {
Meulders,R-Timman,J/Brussels/1987/}) (6. Ne2 d6 7. Ng3 Ne7 8. e4 O-O 9. Bd3 f5
10. exf5 Nxf5 11. O-O Nd7 12. Qg4 Qf6 13. Bd2 c5 14. Rae1 g6 15. Ne4 Bxe4 16.
Bxe4 Rac8 17. Bb7 Rce8 18. Bc6 Qg7 19. Bg5 Rc8 20. Qe4 Kh8 $132 {Pritchett,
C-Arkell,K/BCF-ch/1988/}) 6... Qh4+ $5 (6... f5 7. Bd3 Nf6 $11) 7. g3 Qh5 8. e4
f5 9. exf5 (9. Qc2 $2 fxe4 10. fxe4 Nf6 11. Bg2 Qg6 $17 {[%csl Re4] ><e4}) 9...
Qxf5 10. Bd3 Qh5 $2 {Losing an important tempo, Black gets into serious
trouble.} (10... Qf7 $142 11. Bf4 d6 12. Nh3 h6 13. Qc2 Ne7 $13) 11. Bf4 d6 12.
Qe2 Qf7 13. Nh3 $32 h6 14. O-O g5 15. Bxg5 $5 {King: (Piece versus pawns). A
rush of blood to the head, and White plunges in with the sacrifice. If he had
simply retreated the bishop, preparing Rae1 and f4 he would have had an
overwhelming advantage:} ({The piece sacrifice is very promising, but very
good was even the quiet} 15. Bd2 {[%csl Re6,Re8][%cal Ra1e1] /\Rae1+/-,ע,e6})
(15. Bd2 $1 {King,D} Nf6 16. Rae1 Kd7 17. f4 g4 18. f5 {King: for instance.
Not too tricky.}) 15... hxg5 16. Nxg5 Qf6 17. Nxe6 $40 Kd7 $8 {King:Black's
position is actually quite solid. White's knight is great on e6, but he can't
use his pawns to any significant extent as his king needs cover. Once again we
see how the player with the piece can often hang on when the odds, at first
sight, don't seem to be in his favour.} 18. Rae1 Nc6 19. f4 (19. c5 Nge7 $13)
19... Nh6 20. d5 (20. g4 $5 $40) 20... Na5 21. Qh5 (21. g4 $1 Rag8 22. g5 Qxc3
23. Kh1 c6 24. Qf3 $1 $36) 21... Rag8 22. Nd4 Kc8 {Black has survived the
first wave of the attack. His K is relatively safe and White's >> pawns can't
advance without weakening his own K. But White's active pieces are still
threatening.} 23. Re6 Qg7 (23... Qf8 $5 24. Rfe1 $16) 24. Rfe1 (24. Rg6 Qh7 $1
{[]} (24... Qf8 25. Qh3+ Kb8 26. Ne6 Bc8 27. f5 $18) 25. f5 Ba6 $13) 24... Ba6
(24... Ng4 $2 25. Re8+ Rxe8 26. Rxe8+ Kd7 27. Bf5#) 25. Rg6 $6 (25. Re7 $1 Qf6
26. Bh7 $16 {/\} Rg7 27. Re8+ Rxe8 28. Qxe8+ Kb7 29. Nc6 $1 Bxc4 30. Nxa5+ $18)
25... Qh7 26. Rxg8+ (26. Bf5+ $142 Kb8 (26... Nxf5 $2 27. Qxh7 $18) 27. Rg5 $5
Qf7 (27... Rxg5 28. Re8+ Bc8 29. Rxc8+ Rxc8 30. fxg5 $18) 28. Qxf7 Nxf7 29.
Rxg8+ Rxg8 30. Re7 $36 {[%csl Gf4,Gg3,Gh2] o^f,g,h}) 26... Qxg8 $132 27. Re7
Bxc4 28. Bxc4 Nxc4 29. Ne6 Kb8 30. Qe2 (30. Nxc7 Qg4 $5 31. Na6+ Ka8 32. Re8+
Rxe8 33. Qxe8+ Kb7 $13) 30... b5 $8 31. Nxc7 Qg6 $1 {King:White breaks through,
but Black has just enough counterplay against the king to prevent anything too
dire happening. White gives perpetual, and he was probably right to do so.} 32.
Na6+ {White decides to force a draw, but there is already no clear way to an
advantage.} (32. a4 Nf5 $132) (32. Nxb5 $2 Qb1+ 33. Kg2 Qxb5 $19) 32... Ka8 (
32... Kc8 $4 33. Rc7+ Kd8 34. Qe7#) 33. Nc7+ Kb8 34. Na6+ Ka8 35. Nc7+ Kb8 36.
Na6+ 1/2-1/2